जागतिक क्रिकेटचा इतिहास (Record no. 47595)

MARC details
000 -LEADER
fixed length control field 00648nam a2200181Ia 4500
008 - FIXED-LENGTH DATA ELEMENTS--GENERAL INFORMATION
fixed length control field 090123s9999 xx 000 0 und d
082 ## - DEWEY DECIMAL CLASSIFICATION NUMBER
Item number 9530
100 ## - MAIN ENTRY--PERSONAL NAME
Personal name नाईक वसंत
245 ## - TITLE STATEMENT
Title जागतिक क्रिकेटचा इतिहास
250 ## - EDITION STATEMENT
Edition statement 1
260 ## - PUBLICATION, DISTRIBUTION, ETC. (IMPRINT)
Name of publisher, distributor, etc बांदोडकर पब्लिशिंग हाऊस
Date of publication, distribution, etc 1981
300 ## - PHYSICAL DESCRIPTION
Extent 422
600 ## - SUBJECT ADDED ENTRY--PERSONAL NAME
Personal name नाईक वसंत
630 ## - SUBJECT ADDED ENTRY--UNIFORM TITLE
Uniform title जागतिक क्रिकेटचा इतिहास
700 ## - ADDED ENTRY--PERSONAL NAME
Personal name नाईक वसंत
730 ## - ADDED ENTRY--UNIFORM TITLE
Uniform title जागतिक क्रिकेटचा इतिहास
942 ## - ADDED ENTRY ELEMENTS (KOHA)
Koha item type Book
Holdings
Withdrawn status Lost status Damaged status Not for loan Home library Current library Date acquired Cost, normal purchase price Total Checkouts Full call number Barcode Date last seen Cost, replacement price Price effective from Koha item type
      Added to bundle Jawahar Wachalanalaya, Kalwa Jawahar Wachalanalaya, Kalwa 03/31/2003 100.00   9530 KLW-9530 01/23/2009 100.00 01/23/2009 Book